10 stolic Europy wysuniętych najbardziej na północ - Statystyki

Ogólne statystyki
  • Ten quiz został rozwiązany 3 445 razy
  • Średni wynik to 8 z 10
Statystyki odpowiedzi
Szerokość Stolica % Poprawnych
59°95'N Oslo
96%
60°17'N Helsinki
89%
59.32'N Sztokholm
88%
55°75'N Moskwa
86%
55°67'N Kopenhaga
85%
56°93'N Ryga
81%
63°14'N Reykjavík
78%
54°68'N Wilno
78%
59°43'N Tallinn
74%
53°54'N Mińsk
58%
Nie znaleziono quizów pasujących do podanych kryteriów
Rozkład punktacji
Procent ludzi z każdym wynikiem
Percentyl według liczby udzielonych odpowiedzi
Twoja historia wyników
Nie rozwiązałeś tego quizu